| LEADER | 00659nam a2200193 4500 | ||
|---|---|---|---|
| 082 | |a 910.014 |b NG527QU | ||
| 100 | |a Nguyễn Quang Khải | ||
| 245 | |a Làng xã tỉnh Bắc Ninh |c Nguyễn Quang Khải | ||
| 260 | |a H. |b Thanh niên |c 2011 | ||
| 300 | |a 659tr. |c 21cm | ||
| 490 | |a Hội văn nghệ dân dân Việt Nam | ||
| 520 | |a vv | ||
| 653 | |a Địa lý | ||
| 653 | |a Địa danh | ||
| 653 | |a Bắc Ninh | ||
| 653 | |a Việt Nam | ||
| 942 | |2 ddc |c SH | ||
| 999 | |c 1271 |d 1271 | ||
| 952 | |0 0 |1 0 |2 ddc |4 0 |6 910_014000000000000 |7 0 |8 900 |9 24346 |a qbu |b qbu |c D5 |d 2014-12-08 |g 130000 |o 910.014 |p 4591.C1 |r 0000-00-00 |w 2014-12-08 |y SH |0 0 |6 910_014000000000000 |0 0 |6 910_014000000000000 | ||